Представление документа в формате RUSMARC

ПолеНазваниеЗначение
  Тип записи a
  Библиографический уровень m
001 Контрольный номер 999976948d4a4104a552948b0ec917d1
005 Дата корректировки 20210212121611.9
010 Индекс ISBN __
a ISBN 978-5-394-03646-1
101 Язык документа 0_
a Язык текста rus
102 Страна публикации __
a Страна публикации RU
200 Заглавие и сведения об ответственности 1_
a Заглавие Эффективная эксплуатация сайта
b Общее обозначение материала Текст
e Сведения, относящиеся к заглавию практ.пособие
f Первые сведения об ответственности Т. В. Веселкова, А. С. Кабанов
205 Сведения об издании __
a Основные сведения об издании 3-е изд., стер.
210 Выходные данные 1_
a Место издания Москва
c Издательство Дашков и К
d Дата издания 2020
215 Физическое описание __
a Объем 174 с.
610 Ключевые слова 0_
a Ключевые слова сайт
a Ключевые слова интернет-магазин
a Ключевые слова интернет-портал
a Ключевые слова SEO
a Ключевые слова реклама
686 Индексы других классификаций __
a Классификационный индекс 32.97
700 Автор _1
a Фамилия Веселкова
b Имя Т. В.
701 Альтернативная интеллектуальная ответственность _1
a Фамилия Кабанов
b Имя А. С.
e Роль лиц Автор
4 Код отношения 070
801 Источник записи _0
a Страна RU
b Организация РУК
c Дата составления 20210212
g Правила каталогизации PSBO
801 Источник записи _1
a Страна RU
b Организация РУК
g Правила каталогизации PSBO
852 Данные о местонахождении __
i Авторский знак В 38
j Шифр хранения ББК 32
901 Тип документа __
t Тип документа m
937 Технологическая информация __
a Создатель записи (имя) Мясникова
938 Служебная информация __
a Название организации Головной вуз
952 Тип литературы __
c Вид литературы практ. пособие